[Event "IECC CL7-2000.18"]
[Site "IECC email"]
[Date "2000.03.01"]
[Round "?"]
[White "Gumminger, Fred"]
[Black "Marlow, Richard"]
[Result "1-0"]
[WhiteElo "983"]
[BlackElo "959"]
[PlyCount "65"]
[EventDate "2000.??.??"]
[EventType "tourn (corr)"]
[EventRounds "4"]
[SourceTitle "Corr 2008"]
[Source "ChessBase"]
[SourceDate "2008.06.24"]
[SourceVersion "1"]
[SourceVersionDate "2008.06.24"]
[SourceQuality "1"]

1. e4 e5 2. Nf3 Nc6 3. Bb5 Nd4 4. Nxd4 exd4 5. e5 c5 6. c4 a6 7. Ba4 Qg5 8. Qe2 Qxg2 9. Rf1 Qxh2 10. e6 Ne7 11. exf7+ Kxf7 12. d3 b5 13. Qf3+ Ke8 14. Qxa8 bxa4 15. Bg5 Qe5+ 16. Qe4 Qxg5 17. Nd2 d6 18. 0-0-0 Bf5 19. Qa8+ Kf7 20. Kc2 Qh5 21. Qxa6 Qh3 22. Ne4 Bxe4 23. dxe4 Qf3 24. Rde1 Ng6 25. Qxa4 Nf4 26. Rg1 Qd3+ 27. Kc1 g6 28. Qc2 Qh3 29. f3 Qxf3 30. Kb1 h5 31. Ref1 Qh3 32. Rxf4+ Kg7 33. e5 1-0

[Event "IECC CL7-2000.18"]
[Site "IECC email"]
[Date "2000.03.01"]
[Round "?"]
[White "Hargreaves, John Richard"]
[Black "Marlow, Richard"]
[Result "1-0"]
[WhiteElo "1136"]
[BlackElo "967"]
[PlyCount "27"]
[EventDate "2000.??.??"]
[EventType "tourn (corr)"]
[EventRounds "4"]
[SourceTitle "Corr 2008"]
[Source "ChessBase"]
[SourceDate "2008.06.24"]
[SourceVersion "1"]
[SourceVersionDate "2008.06.24"]
[SourceQuality "1"]

1. e4 e5 2. Nf3 d6 3. d4 Nc6 4. Nc3 Bg4 5. Bb5 Nf6 6. dxe5 dxe5 7. Qxd8+ Rxd8 8. Nxe5 Rd6 9. Bf4 Rd4 10. a3 Bd6 11. Nxc6 bxc6 12. Be3 Rxe4 13. Nxe4 Nxe4 14. Bxc6+ 1-0